Mirovaja ekonomika i meždunarodnyje otnošenija

Enregistré dans:
Détails bibliographiques
Format: Publication en série
Langue:russe
Publié: Moskva Nauka 2013
Sujets:
Tags: Ajouter un tag
Pas de tags, Soyez le premier à ajouter un tag!

MARC

LEADER 00000nas2a2200000 4500
001 0239539
005 20180129091115.0
022 |a 0131-2227 
041 0 |a rus 
044 |a RU 
245 1 0 |a Mirovaja ekonomika i meždunarodnyje otnošenija 
264 1 |a Moskva  |b Nauka  |c 2013 
773 0 |w eu_un_cat*s120187 
610 2 0 |a hospodárstvo svetové 
610 2 0 |a vzťahy hospodárske medzinárodné